[Event "Oberfranken-ch U14"]
[Site "Schney"]
[Date "2017.01.05"]
[Round "6.3"]
[White "Landmann, Bastian"]
[Black "Beetz, Robin"]
[Result "1/2-1/2"]
[WhiteElo "1031"]
[BlackElo "1199"]
[PlyCount "68"]
[EventDate "2017.01.03"]
[EventType "swiss"]
[EventRounds "7"]
[EventCountry "GER"]
[SourceTitle "EXT 2024"]
[Source "ChessBase"]
[SourceDate "2023.10.10"]
[SourceVersion "1"]
[SourceVersionDate "2023.10.10"]
[SourceQuality "1"]

1. e4 e5 2. Nf3 Nc6 3. Bc4 Bc5 4. b4 Bxb4 5. c3 Be7 6. Qb3 Nh6 7. d4 exd4 8. cxd4 Bb4+ 9. Bd2 Bxd2+ 10. Nbxd2 d6 11. 0-0 0-0 12. Rad1 Bg4 13. Rfe1 Rb8 14. h3 Nxd4 15. Qc3 Bxf3 16. Nxf3 Nxf3+ 17. Qxf3 Qe7 18. Qh5 Rfe8 19. Rd3 Qe5 20. Qe2 Re7 21. Rd5 Qf4 22. g3 Qf6 23. Qh5 Qc3 24. Qe2 Rbe8 25. Bd3 Qf6 26. Kg2 c6 27. Rh5 Re5 28. Rxe5 Rxe5 29. f4 Re8 30. Bc4 d5 31. Bd3 Qe7 32. Qh5 Qb4 33. Kf1 dxe4 34. Qg5 e3 1/2-1/2

[Event "Oberfranken-ch U14"]
[Site "Schney"]
[Date "2017.01.04"]
[Round "4.2"]
[White "Petzold, Annika"]
[Black "Landmann, Bastian"]
[Result "1-0"]
[WhiteElo "1335"]
[BlackElo "1031"]
[PlyCount "55"]
[EventDate "2017.01.03"]
[EventType "swiss"]
[EventRounds "7"]
[EventCountry "GER"]
[SourceTitle "EXT 2024"]
[Source "ChessBase"]
[SourceDate "2023.10.10"]
[SourceVersion "1"]
[SourceVersionDate "2023.10.10"]
[SourceQuality "1"]

1. b4 d5 2. Bb2 Nf6 3. e3 a6 4. Nf3 Nc6 5. a3 Bf5 6. c4 e6 7. Nc3 Qd7 8. b5 axb5 9. cxb5 Na5 10. a4 c6 11. d4 Ne4 12. bxc6 Qxc6 13. Bb5 Bb4 14. Bxc6+ bxc6 15. 0-0 Nxc3 16. Bxc3 Bxc3 17. Rc1 Bb2 18. Rc5 0-0 19. Ne5 Ra6 20. Qe2 Rb8 21. Qxa6 f6 22. Nxc6 Nxc6 23. Rxc6 e5 24. Rb6 Rxb6 25. Qxb6 Bc3 26. Rc1 Bd2 27. Rc7 h6 28. Qb7 1-0